Slovník súčasného slovenského jazyka O - Pn

Uložené v:
Podrobná bibliografia
Ďalší autori: Jarošová, Alexandra
Médium: Kniha
Jazyk:Slovak
Vydavateľské údaje: Bratislava VEDA 2021
Predmet:
Tagy: Pridať tag
Žiadne tagy, Buďte prvý, kto otaguje tento záznam!

MARC

LEADER 00000nam a2200000 4500
001 0302874
005 20250901121645.4
020 |a 978-80-224-1901-7 
041 0 |a slo 
044 |a SK 
245 1 0 |a Slovník súčasného slovenského jazyka  |b O - Pn  |c hlavná redaktorka: Alexandra Jarošová 
264 1 |a Bratislava  |b VEDA  |c 2021 
300 |a 1127 s. 
610 2 0 |a jazykoveda 
610 2 0 |a slovenčina 
610 2 0 |a zásoba slovná 
700 1 |a Jarošová, Alexandra